000 00458nam a2200181Ia 4500
008 131103s9999 xx 000 0 und d
020 _a863113117
040 _aLoreto College
041 _aEnglish
082 _aF/MEN
_bLCLIB/40051
100 _aMenon,Ramesh
245 4 _aThe Hunt for K
_cRamesh Menon
260 _aDelhi
_bRavi Dayal Publishers
_c1992
300 _a148 p.
_c 22 cm.
650 _aFiction in English
850 _aLCLIB
942 _cBK
999 _c15743
_d66222